| 000 | 00506nam a2200229Ia 4500 | ||
|---|---|---|---|
| 003 | 0100 | ||
| 008 | 130303s9999 xx 000 0 und d | ||
| 020 | _a0030628342 | ||
| 040 | _cARRUPELIB | ||
| 050 | _aBL48.T7 1983 | ||
| 100 | _aTremmel, William Calloley | ||
| 245 | _aReligion | ||
| 245 | _bwhat is it? | ||
| 250 | _a2nd ed. | ||
| 260 | _aNew York | ||
| 260 | _bHolt, Rinehart and Winston | ||
| 260 | _C1983 | ||
| 300 | _a359p. | ||
| 300 | _b 24cm. | ||
| 650 | _aRELIGION | ||
| 942 | 0 | 0 | _01 |
| 999 |
_c16682 _d16682 |
||